000 00594nam a2200181 4500
999 _c195951
_d195951
005 20230512114059.0
010 _aENG-136939
020 _a9788194936060
_c1500.00
035 _aEN-120471
037 _bDBAD/PUB
082 _a363.700954
100 _aGupta, Sadhna
245 _aEnvironmental sustainability social justice and law/
_cBy Sadhna Gupta
260 _aNew Delhi
_bMittal Publications
_c2020
270 _a4594/9, Daryaganj
_bNew Delhi
_e110002
_minfo@mittalbooks.com
_k23250398
_l91-11-41564398
300 _a390p
_c22cm(hbk)
942 _2ddc
_cEN
_mGUP
_h363.700954